000 00689nam a22002297a 4500
005 20251108173051.0
008 250721s9999 xx 000 0 ara d
082 1 4 _aط/922.2/سيف
100 1 _aرضا، علي
245 1 0 _aسيف الدولة الحمداني /
264 1 _aبيروت :
_bدار الشرق العربي،
300 _a127ص
490 0 _aأعلام خالدون
_v19
650 1 7 _aالتراجم
650 1 7 _aالقادة العسكريون
653 _aناشئون صغار (10-14 سنة )
700 1 _aالحاضري، بدر الدين
700 1 _aناصيف، كامل
700 1 _aقجة، محمد
942 _2ddc
_cBK
999 _c95303
_d95303